000 00408 a2200121 4500
040 _aDLC
_bDLC
082 _a515.35
100 _aJunaid, Zaidi Dr.
245 _aDifferential Equation: Lectures 1-45, MTH-401, (10 CD's)
_cDr. Junaid, Zaidi
260 _aLahore
_bVirtual University
_c2005
500 _aLectures 1-5, 6-10, 11-15, 16-19,20, 21-25,26-30, 31-35, 36-40,40-45, (10 CD's)
942 _cCD
_k515.35 JUN
_2ddc
999 _c9668
_d9668